000 00814cam a22002651 4500
001 19529
003 BD-RjUL
005 20211209000438.0
008 140224s1954 nyu 000 1 eng
035 _a(BD-RjUL)19589
035 _a(OCoLC)681463
040 _aDLC
_cOYU
_dBD-RjUL
_beng
041 _aeng
082 0 0 _a809.04
_bHIG 1954
245 1 0 _aHighlights of modern literature :
_ba permanent collection of memorable essays /
_cedited by Francis Brown.
260 _aNew York :
_bNew American Library,
_cc1954.
300 _a240 p. ;
_c19 cm.
490 0 _aA Mentor book,
_vM104
650 0 _aLiterature, Modern
_xHistory and criticism.
_953867
650 0 _aAuthorship.
_959991
700 1 _aBrown, Francis,
_d1903-1995,
_eed.
_959992
942 _2ddc
_cBK
999 _c19529
_d19529